| 000 | 01011nam a22002297a 4500 | ||
|---|---|---|---|
| 999 |
_c56949 _d56949 |
||
| 005 | 20210416181532.0 | ||
| 008 | 190711c2019 en ||||| |||| 00| 0 eng d | ||
| 020 | _a0022281X | ||
| 040 | _aeng | ||
| 245 |
_ajml : Journal of Modern Literature / _cEditors: Robert L. Caserio, Paula Marantz Cohen, Janet Lyon, Daniel T. O'Hara, Jean-Michel Rabaté and Jennifer Yusin. |
||
| 264 |
_aUSA : _bIndiana University Press, _c2020. |
||
| 300 | _aV. | ||
| 653 | _aJournal of Modern Literature | ||
| 653 | _aთანამედროვე ლიტერატურის ჟურნალი | ||
| 653 | _aპერიოდიკა | ||
| 700 |
_aCaserio, Robert L _eრედაქტორი _93213 |
||
| 700 |
_aCohen, Paula Marantz _eრედაქტორი _93214 |
||
| 700 |
_aJanet Lyon, Daniel T _eრედაქტორი _93215 |
||
| 700 |
_aO'Hara, Jean-Michel Rabaté _eრედაქტორი _93216 |
||
| 700 |
_aYusin, Jennifer _eრედაქტორი _93217 |
||
| 942 |
_2udc _cCR |
||